|
|
|
|
| LEADER |
00593cam a2200193ua 4500 |
| 008 |
080618t1999||||||||||| 00 ||eng c |
| 041 |
0 |
|
|a eng
|
| 082 |
|
|
|a 658.421
|b CBG/E
|
| 100 |
0 |
|
|a C. .B. Gupta, N. P.
|
| 245 |
1 |
0 |
|a Enterpreneurial Development /
|
| 260 |
|
|
|a New Delhi:
|b S. Chand,
|c 1999.
|
| 300 |
|
|
|a 7.7p..
|
| 362 |
1 |
|
|a 1999.
|
| 365 |
|
|
|a Rs.105/.
|e pb
|
| 650 |
|
|
|a Executive management
|
| 650 |
0 |
|
|a Management
|
| 942 |
|
|
|c BK
|
| 999 |
|
|
|c 18480
|d 18480
|
| 952 |
|
|
|0 0
|1 0
|4 0
|6 658_421000000000000_CBG
|7 0
|9 19311
|a KUCL
|b KUCL
|d 2014-05-23
|l 2
|m 1
|o 658.421 CBG/
|p 15145
|r 2019-01-14
|s 2018-10-27
|w 2014-05-23
|y BK
|